000 00708nam a2200205Ia 4500
999 _c40273
_d40273
001 6881
003 GE_BSU
005 20200203165812.0
008 181216s1934||||g |||||||||||||| ||ge ||
040 _cGE_BSU
041 _ageo
080 _a821.353.1-1 გ-69
100 _aგორგაძე, ვასო.
_96730
245 _aმიწა და ფოლადი :
_bლექსები (1931-1934) /
_cვასო გორგაძე.
264 _aთბილისი.
_bსახელგამი.
_c1934.
300 _a110 გვ. :
_bპორტრეტი ;
_c15 სმ.
653 _aმიწა და ფოლადი
653 _aლექსები
942 _cBK
_2udc